Movies Quiz

Random Movies or Definition Quiz

1990s Movie Definitions Quiz Stats

 Plays Quiz Updated Oct 10, 2017

Score 0/15 Timer 02:00
24 Plays Today
% Correct
Magnolia
94.4%
Speed
94.3%
Hook
93.8%
Assassins
93.8%
Scream
93.6%
Disclosure
93.5%
Goodfellas
93.1%
Misery
92.4%
% Correct
Damage
91.6%
Payback
91.2%
Maverick
89.3%
Rounders
89.2%
Hero
89.1%
Ronin
82.9%
Titanic
80.3%

You're not logged in!

Compare scores with friends on all Sporcle quizzes.
OR
Log In

You Might Also Like...

Show Comments

Extras

Top Quizzes Today


Score Distribution

Your Account Isn't Verified!

In order to create a playlist on Sporcle, you need to verify the email address you used during registration. Go to your Sporcle Settings to finish the process.

Report this User

Report this user for behavior that violates our Community Guidelines.

Details: